| 000 -LEADER |
| fixed length control field |
02548 a2200229 4500 |
| 008 - FIXED-LENGTH DATA ELEMENTS--GENERAL INFORMATION |
| fixed length control field |
230621b ||||| |||| 00| 0 eng d |
| 020 ## - INTERNATIONAL STANDARD BOOK NUMBER |
| International Standard Book Number |
9789353162580 |
| Terms of availability |
Rs750.00 |
| 041 0# - LANGUAGE CODE |
| Language code of text/sound track or separate title |
eng |
| 082 00 - DEWEY DECIMAL CLASSIFICATION NUMBER |
| Classification number |
658.7 |
| Item number |
B7868 |
| 100 ## - MAIN ENTRY--PERSONAL NAME |
| Personal name |
Bowersox, Donald J. |
| 9 (RLIN) |
390 |
| 245 ## - TITLE STATEMENT |
| Title |
Supply Chain Logistics Management / |
| 250 ## - EDITION STATEMENT |
| Edition statement |
4th ed. |
| 260 ## - PUBLICATION, DISTRIBUTION, ETC. (IMPRINT) |
| Place of publication, distribution, etc |
Chennai: |
| Name of publisher, distributor, etc |
McGraw Hill Education (india) pvt. ltd., |
| Date of publication, distribution, etc |
2022. |
| 300 ## - PHYSICAL DESCRIPTION |
| Extent |
xii, 484 p. : |
| Other physical details |
ill. ; |
| Dimensions |
26 cm |
| 505 0# - FORMATTED CONTENTS NOTE |
| Formatted contents note |
PART ONE – SUPPLY CHAIN LOGISTICS MANAGEMENT<br/>Chapter 1 21st Century Supply Chains<br/>Chapter 2 Logistics<br/>Chapter 3 Customer Relationship Management<br/>Chapter 4 Procurement<br/>Chapter 5 Manufacturing<br/>Chapter 6 Integrated Operations Planning<br/>PART TWO – SUPPLY CHAIN LOGISTICS COMPONENTS<br/>Chapter 7 Inventory<br/>Chapter 8 Transportation Infrastructure<br/>Chapter 9 Warehousing<br/>Chapter 10 Packaging and Handling<br/>PART THREE – SUPPLY CHAIN LOGISTICS DESIGN AND OPERATIONS<br/>Chapter 11 Global Supply Chains<br/>Chapter 12 Network Design<br/>Chapter 13 Operations Analysis<br/>PART FOUR – SUPPLY CHAIN LOGISTICS ADMINISTRATION<br/>Chapter 14 Collaboration<br/>Chapter 15 Performance Measurement<br/>Chapter 16 Risk and Sustainability |
| 520 ## - SUMMARY, ETC. |
| Summary, etc |
The Fourth Edition of Supply Chain Logistics Management presents Logistics in the context of integration within a firm’s Supply Chain Strategy and Operations. The framework of Supply Chain Management is initially presented thereby creating a foundation for in-depth study of the five logistics operational components in Part Two. Challenges and strategies related to design and operational integration of logistics within a global supply chain are discussed in Part three. Part Four focuses on administrative challenges related to cross organizational collaboration, performance measurement, and concludes with the challenges of managing risk and achieving sustainability.<br/><br/>An essential feature of the overall presentation is the integration of topical materials and examples into the Supply Chain Logistics value creation process. Text materials are supported by study and challenge questions as well as contemporary cases. The overall presentation integrates the discussion of information technology throughout the text. Illustrations and examples highlight how firm’s deal with operational challenges and use logistics performance to gain competitive advantage. |
| 650 #0 - SUBJECT ADDED ENTRY--TOPICAL TERM |
| Topical term or geographic name as entry element |
Management |
| 700 ## - ADDED ENTRY--PERSONAL NAME |
| 9 (RLIN) |
393 |
| Personal name |
Closs, David J. |
|
| 9 (RLIN) |
5506 |
| Personal name |
Cooper, M. Bixby |
|
| 9 (RLIN) |
5507 |
| Personal name |
Bowersox, John C. |
| 942 ## - ADDED ENTRY ELEMENTS (KOHA) |
| Source of classification or shelving scheme |
|
| Item type |
Books |